000 00686nam a2200193Ia 4500
005 20250507130402.0
008 008 250505s9999 xx 000 0 chi d
020 _a902715139
037 _aAnnuals, Advances
040 _aEASL
_beng
_cEASL
041 _achi
_2eng
084 _aX:958.42r, P5
_qEASL
100 _aInstitute For International Cooperation, Jica
_9667217
245 0 _aDevelopment of Japan's social security system: An evaluation and implications for developing countries July 2004
260 _aJapan
_bJapan Japan International Cooperation Agency
_c2005
300 _a48p.
942 _cTEXL
_hX:958.42r, P5
999 _c1319393
_d1319393